Города по ассоциациям - Statistics

General Stats
  • This quiz has been taken 43 times
  • The average score is 27 of 50
Answer Stats
Ассоциация Город % Correct
Таймс-Сквер Нью-Йорк
97%
Эйфелева башня Париж
97%
Биг-Бен Лондон
94%
Колизей Рим
94%
Голливуд Лос-Анджелес
84%
Рейхстаг Берлин
81%
Эрмитаж Санкт-Петербург
81%
Столица Канады Оттава
81%
Мемориал Линкольна Вашингтон
78%
Бурдж-Халифа, самое высокое здание в мире Дубай
78%
Казино Лас-Вегас
75%
Советский космодром Байконур
75%
Атомная катастрофа Чернобыль / Припять
75%
Столица Австралии Канберра
75%
Парфенон Афины
72%
Площадь Тянаньмэнь Пекин
72%
Прежний Константинополь Стамбул
72%
Главный российский город-курорт Сочи
72%
Косая башня Пиза
69%
Родина-мать Волгоград
66%
Гигантская статуя Иисуса Рио-де-Жанейро
66%
Храм гроба господня Иерусалим
63%
Экономическое чудо Юго-восточной Азии Сингапур
59%
Рынок тюльпанов Амстердам
56%
Гондолы Венеция
56%
Город невест Иваново
56%
Дед Мороз Великий Устюг
53%
Оперный театр Сидней
53%
Убийство Франца Фердинанда Сараево
50%
Текстильная мода Милан
50%
Кааба Мекка
47%
Отдельный экономический регион материкового Китая Гонконг
47%
Огромный маяк Александрия
44%
Синдром Стокгольм
44%
Военные преступления российских войск в Украине Буча
44%
Запутанное метро Токио
41%
Он "должен быть разрушен" Карфаген
34%
Древний разрушенный город-башня Вавилон
34%
Казино в Юго-восточной Азии Макао
31%
Горные открытые трамваи Сан-Франциско
22%
Два города-сосредоточения людских пороков Содом / Гоморра
22%
Заводские загрязнения Челябинск
19%
Бомбардировка советскими войсками Дрезден
19%
Венис-Бич Майами
16%
Башни-близнецы Куала-Лумпур
16%
Холокост Освенцим
16%
Бухта "Золотой рог" Владивосток
9%
Православная лавра Сергиев Посад
6%
Мусорный пластик в воде Джакарта
6%
Чистейший воздух Ванкувер
0%
No matching quizzes found
Score Distribution
Percent of People with Each Score
Percentile by Number Answered
Your Score History
You have not taken this quiz